Special function data book
Tallennettuna:
| Yhteisötekijä: | |
|---|---|
| Aineistotyyppi: | Kirja |
| Kieli: | englanti |
| Julkaistu: |
Santa Clara
National Semiconductor Corporation
1976
|
| Aiheet: | |
| Tagit: |
Lisää tagi
Ei tageja, Lisää ensimmäinen tagi!
|
MARC
| LEADER | 00000nam a2200000 a 4500 | ||
|---|---|---|---|
| 001 | UCU8281 | ||
| 003 | CL-VaPUC | ||
| 008 | 960719e19760000US |||||||||||||||||eng|d | ||
| 082 | 0 | 4 | |a 621.381 |b NAT |2 21 |
| 110 | 2 | |a National Semiconductor Corporation |e author |9 367558 | |
| 245 | 1 | 0 | |a Special function data book |
| 300 | |a 249 p | ||
| 942 | |c BK | ||
| 945 | |d 19960719 00:00:00 |a cmena | ||
| 260 | |a Santa Clara |b National Semiconductor Corporation |c 1976 | ||
| 650 | 0 | |a Electrónica |9 263192 | |
| 650 | 0 | |a Amplificadores |9 338119 | |
| 650 | 7 | |a DISPOSITIVOS SEMICONDUCTORES |2 CL-VaPUC |9 361201 | |
| 650 | 0 | |a Voltaje |9 362861 | |
| 650 | 0 | |a Alto voltaje |9 362908 | |
| 583 | |a last modification |c 19960719 00:00:00 |k Rodrigo Vera | ||
| 999 | |c 250710 |d 250708 | ||
| 952 | |0 0 |1 0 |4 0 |6 621_381000000000000_NAT_1976 |7 0 |8 A |9 269185 |a BIBING |b BIBING |d 2019-11-19 |i 1709283 |o 621.381 NAT 1976 |p 1709283 |r 2025-01-20 |w 2019-11-19 |y BK |k EIE | ||